000 02058cam a2200445 a 4500
001 16028136
003 SISC
005 20160601101438.0
008 091218s2010 mnuab j b 000 0ceng
010 _a 2009051966
020 _a9781575423500
035 _a(OCoLC)ocn437300471
037 _a1307132
_bQBI
040 _aDLC
_cDLC
_dQBX
_dDLC
050 0 0 _aCT 107
_b.S798 2010
082 0 0 _a920/.0083
100 1 _aSundem, Garth.
245 1 0 _aReal kids, real stories, real change :
_bcourageous actions around the world /
_cGarth Sundem ; foreword by Bethany Hamilton.
260 _aMinneapolis, MN :
_bFree Spirit Pub.,
_cc2010.
300 _aix, 165 p. :
_bill., col. maps ;
_c19 cm.
500 _aOriginally published as: The doggy dung disaster & other true stories. c2007.
504 _aIncludes bibliographical references (p. 155-165).
650 0 _aChildren
_vBiography
_vAnecdotes
_vJuvenile literature.
650 0 _aCourage
_vAnecdotes
_vJuvenile literature.
650 0 _aCreative ability
_vAnecdotes
_vJuvenile literature.
650 0 _aDiligence
_vAnecdotes
_vJuvenile literature.
650 0 _aChildren
_xPolitical activity
_vAnecdotes
_vJuvenile literature.
650 0 _aSocial action
_vAnecdotes
_vJuvenile literature.
650 0 _aAltruism in children
_vAnecdotes
_vJuvenile literature.
650 0 _aBiography
_vAnecdotes
_vJuvenile literature.
650 0 _aChild volunteers
_vCase studies
_vJuvenile literature.
650 0 _aHelping behavior in children
_vCase studies
_vJuvenile literature.
650 0 _aRole models
_vCase studies
_vJuvenile literature.
700 1 _aSundem, Garth.
_tDoggy dung disaster & other true stories.
856 4 2 _3Publisher description
_uhttp://www.loc.gov/catdir/enhancements/fy1011/2009051966-d.html
856 4 2 _3Contributor biographical information
_uhttp://www.loc.gov/catdir/enhancements/fy1011/2009051966-b.html
906 _a7
_bcbc
_corignew
_d1
_eecip
_f20
_gy-gencatlg
942 _2lcc
_cBK
999 _c294960
_d294960